Economics of J K Mehta: (Record no. 17928)

MARC details
000 -LEADER
fixed length control field 008640000a22002290004500
003 - CONTROL NUMBER IDENTIFIER
control field dpl
005 - DATE AND TIME OF LATEST TRANSACTION
control field 20081029153959.0
008 - FIXED-LENGTH DATA ELEMENTS--GENERAL INFORMATION
fixed length control field 081029t xxu||||| |||| 00| 0 eng d
010 ## - LIBRARY OF CONGRESS CONTROL NUMBER
LC control number ENG-84624
020 ## - INTERNATIONAL STANDARD BOOK NUMBER
International Standard Book Number 8176298255
Terms of availability 480.00 (hb)
035 ## - SYSTEM CONTROL NUMBER
System control number EN-68157
040 ## - CATALOGING SOURCE
Transcribing agency dpl
082 ## - DEWEY DECIMAL CLASSIFICATION NUMBER
Classification number 330.10954
245 ## - TITLE STATEMENT
Title Economics of J K Mehta:
Remainder of title a peep into mehtanomics /
Statement of responsibility, etc edited by Prahlad Kumar and Jiwitesh Kumar Singh
260 ## - PUBLICATION, DISTRIBUTION, ETC. (IMPRINT)
Place of publication, distribution, etc New Delhi
Name of publisher, distributor, etc Deep and Deep Publications
Date of publication, distribution, etc 2006
300 ## - PHYSICAL DESCRIPTION
Extent viii,206p
Dimensions 22cm
500 ## - GENERAL NOTE
General note Includes bibliographical references and index
700 ## - ADDED ENTRY--PERSONAL NAME
Personal name Prahlad Kumar
Titles and other words associated with a name ed
700 ## - ADDED ENTRY--PERSONAL NAME
Personal name Singh, Jiwitesh Kumar
Titles and other words associated with a name ed
942 ## - ADDED ENTRY ELEMENTS (KOHA)
Source of classification or shelving scheme Dewey Decimal Classification
Koha item type English Books
Classification part 330.10954
Call number suffix ECO
Holdings
Withdrawn status Lost status Source of classification or shelving scheme Damaged status Not for loan Home library Current library Date acquired Cost, normal purchase price Total Checkouts Full call number Barcode Date last seen Copy number Cost, replacement price Price effective from Koha item type
    Dewey Decimal Classification   Not For Loan D.B.Act.Division D.B.Act.Division 12/03/2007 480.00   330.10954 ECO EN-68157 04/11/2008 1 480.00 04/11/2008 English Books

© Delhi Public Library
Hit Counter
free hit counter